Statistics for Animated Films on the IMDb Top 250

Click here to take the quiz!

General Stats

  • This quiz has been taken 512 times
  • The average score is 10 of 22

Answer Stats

Position on the Top 250Year ReleasedFilm% Correct
#751995Toy Story
94%
#842010Toy Story 3
75%
#361994The Lion King
73%
#1142009Up
63%
#1542003Finding Nemo
59%
#572008WALL-E
57%
#2272004The Incredibles
53%
#2481991Beauty and the Beast
52%
#1592015Inside Out
48%
#312001Spirited Away
48%
#2042001Monsters, Inc.
47%
#2461992Aladdin
46%
#762017Coco
41%
#2232007Ratatouille
35%
#791997Princess Mononoke
29%
#1652004Howl's Moving Castle
27%
#1711988My Neighbour Totoro
25%
#702018Spider-Man: Into the Spider-Verse
25%
#481988Grave of the Fireflies
20%
#2012010How to Train Your Dragon
19%
#862016Your Name.
13%
#1982019Klaus
5%

Score Distribution

Percentile by Number Answered

Percent of People with Each Score

Your Score History

You have not taken this quiz